Δίκαιο Ανώνυμης Εταιρίας. (Record no. 5692)
[ view plain ]
| 000 -LEADER | |
|---|---|
| fixed length control field | 02045cam a22002054a 4500 |
| 005 - ΗΜΕΡΟΜΗΝΙΑ ΚΑΙ ΩΡΑ ΤΕΛΕΥΤΑΙΑΣ ΕΝΗΜΕΡΩΣΗΣ | |
| Πεδίο ελέγχου | 20250605164219.0 |
| 008 - FIXED-LENGTH DATA ELEMENTS--GENERAL INFORMATION | |
| Πεδίο ελέγχου σταθερού μήκους | 250528s ||||||||||||||||||||||||d |
| 035 ## - SYSTEM CONTROL NUMBER | |
| System control number | 20601 |
| 020 ## - ISBN | |
| ISBN | 9603011371 |
| 040 ## - ΠΗΓΗ ΚΑΤΑΛΟΓΟΓΡΑΦΗΣΗΣ | |
| Φορέας πρωτότυπης καταλογογράφησης | MC Athens Campus Library |
| Γλώσσα καταλογογράφησης | Ελληνικά, Μοντέρνα (1453-) |
| Modifying agency | MC Athens Campus Library |
| Κανόνες περιγραφικής καταλογογράφησης | AACR2 |
| 245 1# - ΤΙΤΛΟΣ ΚΑΙ ΔΗΛΩΣΗ ΥΠΕΥΘΥΝΟΤΗΤΑΣ | |
| Τίτλος | Δίκαιο Ανώνυμης Εταιρίας. |
| Number of part/section of a work | Τεύχος Πρώτο |
| 250 ## - EDITION STATEMENT | |
| Edition statement | 3η |
| 260 ## - PUBLICATION, DISTRIBUTION, ETC. | |
| Name of publisher, distributor, etc. | Σάκκουλα, |
| Date of publication, distribution, etc. | 1991 |
| 300 ## - PHYSICAL DESCRIPTION | |
| Extent | 268 |
| 520 ## - SUMMARY, ETC. | |
| Summary, etc. | Πρόλογος, Εισαγωγή, Εμφάνιση και Ρόλος Ιστορικός της Ανώνυμης Εταιρίας, Η Διαμόρφωση της Ανώνυμης Εταιρίας, Η Ανώνυμη Εταιρία Κέντρο και Πηγή Αντιφάσεων, Αντιφάσεις στο Μικρόκοσμο της Ανώνυμης Εταιρίας, Η Ανώνυμη Εταιρία στην Υπηρεσία του Φιλελεύθερου Πνεύματος, Ο Όμιλος Ανωνύμων Εταιρειών στην Υπηρεσία των Μονοπωλίων, Η Ανώνυμη Εταιρία Κάτω από Κρατική Εποπτεία και στο Φως της Δημοσιότητας, Η Ανώνυμη Εταιρία Κάτω από Κρατική Εποπτεία και Ευθύνη Ιδιωτών, Γένεση και Μεταβολές και Πέρας της Εταιρίας, Γένεση της Εταιρίας, Ίδρυση Ανώνυμης Εταιρίας, Προέλευση Ανώνυμης Εταιρίας από Μετασχηματισμό, Μεταβολές της Εταιρίας, Τροποποίηση του Καταστατικού, Μετασχηματισμός, Συγχώνευση, Διάσπαση, Λύση και Εκκαθάριση και Αναβίωση της Εταιρίας, Λύση της Εταιρίας, Εκκαθάριση της Εταιρίας, Συντομογραφίες, Πίνακας Περιεχομένων. |
| 700 1# - ΠΡΟΣΘΕΤΗ ΑΝΑΓΡΑΦΗ--ΦΥΣΙΚΟ ΠΡΟΣΩΠΟ | |
| Personal name | Παμπουκής Κων. Γ |
| 9 (RLIN) | 2634 |
| 942 ## - ADDED ENTRY ELEMENTS (KOHA) | |
| Koha item type | Books |
| Τύπος τεκμηρίου | Βιβλιοθήκη | Τρέχουσα τοποθεσία | Barcode | Αριθμός εισαγωγής | Ημερομηνία απόκτησης | Ταξιθετικό σύμβολο | Αριθμός αντιτύπου | Κατάσταση απόσυρσης | Κατάσταση χαμένου | Κατάσταση κατεστραμμένου | Μη δανεισμός | Σύνολο δανεισμών | Ημερομηνία τελευταίας εμφάνισης | Η τιμή ισχύει από |
|---|---|---|---|---|---|---|---|---|---|---|---|---|---|---|
| Books | MC Athens Campus Library | MC Athens Campus Library | 9780000056917 | 7123 | 05/06/2025 | 346.066 PAM | 1 | 05/06/2025 | 05/06/2025 |